Proverbes # chien - Statistiques

Statistiques générales
  • Ce quiz a été pris 321 fois
  • Le résultat moyen est 24 sur 51
Statistiques - réponses
Hint Réponse % Correct
Dispute chien
92%
Chien
92%
de
91%
S'
82%
Soir temps
82%
l'
81%
Météo Un
81%
Rancune un
81%
Indifférence à
79%
chat
75%
Dent et
74%
comme
72%
Porcelaine pas
71%
en
70%
Virus ne
70%
Les
65%
des
62%
chiens
61%
font
57%
chats
56%
la
55%
Prélat dehors
53%
Qui
49%
qui
49%
entendre
47%
Strike mettre
46%
Se
46%
mord
43%
faïence
41%
loup
41%
Génétique Entre
40%
dans
38%
aboie
37%
regarde
31%
regarder
28%
sa
28%
jeu
27%
quilles
26%
son
25%
passe
23%
caravane
20%
rage
20%
aboient
19%
chienne
18%
veut
13%
Arriver
12%
Garder
12%
accuse
10%
noyer
7%
bien
5%
évêque
4%
Aucun quiz correspondant
Distribution des résultats
% des personnes avec chaque résultat
Percentile par nombre de réponses
Votre historique - résultats
Vous n’avez pas pris ce quiz